[Event "4NCL Division 1d"]
[Site "Telford, ENG"]
[Date "2018.03.18"]
[Round "8.51"]
[White "Murphy, Conor E"]
[Black "Libiszewski, Fabien"]
[Result "1-0"]
[WhiteElo "2312"]
[BlackElo "2507"]
[PlyCount "91"]
[EventDate "2018.03.18"]
[WhiteTeam "Cambridge University 1"]
[BlackTeam "3Cs 1"]

1. Nf3 g6 2. d4 Nf6 3. g3 Bg7 4. Bg2 O-O 5. c4 d6 6. Nc3 Nc6 7. O-O e5 8. dxe5
Nxe5 9. b3 Nfd7 10. Bb2 a5 11. Qd2 a4 12. Nxe5 Nxe5 13. Nxa4 Nxc4 14. bxc4 Rxa4
15. Bxg7 Kxg7 16. Bxb7 Bxb7 17. Qb2+ Kg8 18. Qxb7 Rxc4 19. Rac1 Ra4 20. Rxc7
Rxa2 21. e3 Qf6 22. Qd5 Rb2 23. Rd7 Rd8 24. Qd4 Qxf2+ 25. Rxf2 Rb1+ 26. Kg2
Rxd7 27. Qe4 Rb8 28. Qc6 Rbd8 29. Qd5 Re8 30. Rf3 Re6 31. g4 Rde7 32. Kf2 Re8
33. Rh3 Rf6+ 34. Ke2 Re5 35. Qd4 Rfe6 36. Qf4 g5 37. Qa4 Rf6 38. Qc2 h6 39. Qc3
Kg7 40. Rg3 Rc5 41. Qb2 Kg6 42. Rg1 Re5 43. Ra1 Rfe6 44. Qc2+ Kg7 45. Qc3 Kg8
46. Ra8+ 1-0

[Event "4NCL Division 1d"]
[Site "Telford, ENG"]
[Date "2018.03.18"]
[Round "8.52"]
[White "Gordon, Stephen J"]
[Black "Hill, Alistair"]
[Result "1-0"]
[WhiteElo "2531"]
[BlackElo "2201"]
[PlyCount "47"]
[EventDate "2018.03.18"]
[WhiteTeam "3Cs 1"]
[BlackTeam "Cambridge University 1"]

1. Nf3 Nf6 2. c4 c5 3. Nc3 d5 4. cxd5 Nxd5 5. e3 e6 6. Nxd5 exd5 7. b4 c4 8.
Bb2 Bxb4 9. Bxg7 Rg8 10. Bb2 Nc6 11. Qc2 Rg6 12. h4 Bg4 13. h5 Rh6 14. Ne5 Nxe5
15. Bxe5 Bd6 16. Bg7 Rxh5 17. Rh3 Rh4 18. Rxh4 Bh5 19. Qf5 Qxh4 20. Qxd5 Rd8
21. Qxc4 Bb4 22. Qb5+ Rd7 23. Qe5+ Be7 24. Rc1 1-0

[Event "4NCL Division 1d"]
[Site "Telford, ENG"]
[Date "2018.03.18"]
[Round "8.53"]
[White "Bukojemski, Adam"]
[Black "Longson, Alexander"]
[Result "0-1"]
[WhiteElo "2192"]
[BlackElo "2319"]
[PlyCount "60"]
[EventDate "2018.03.18"]
[WhiteTeam "Cambridge University 1"]
[BlackTeam "3Cs 1"]

1. e4 e5 2. Nf3 Nc6 3. Bb5 a6 4. Ba4 Nf6 5. O-O b5 6. Bb3 Bc5 7. d3 d6 8. c3
O-O 9. Re1 Bb6 10. Nbd2 Ng4 11. Re2 Kh8 12. h3 Nh6 13. Nf1 f5 14. Bd5 Bd7 15.
Bxh6 gxh6 16. exf5 Rxf5 17. Ng3 Rf8 18. Qd2 Qf6 19. Re4 Rae8 20. Rh4 Ne7 21.
Rxh6 Qf4 22. Qxf4 exf4 23. Ng5 Nxd5 24. Rxh7+ Kg8 25. Nh5 Re7 26. Rh6 Be8 27.
a4 Re5 28. h4 Bxh5 29. Rxh5 Nf6 30. d4 Ree8 0-1

[Event "4NCL Division 1d"]
[Site "Telford, ENG"]
[Date "2018.03.18"]
[Round "8.54"]
[White "Ashton, Adam G"]
[Black "Nettleton, Charlie B"]
[Result "1-0"]
[WhiteElo "2359"]
[BlackElo "2162"]
[PlyCount "121"]
[EventDate "2018.03.18"]
[WhiteTeam "3Cs 1"]
[BlackTeam "Cambridge University 1"]

1. e4 g6 2. d4 Bg7 3. Nc3 c6 4. Nf3 d5 5. h3 dxe4 6. Nxe4 Na6 7. Bc4 Nc7 8. O-O
Be6 9. Bb3 Bd5 10. Re1 Bxe4 11. Rxe4 Nf6 12. Re1 O-O 13. Qe2 e6 14. c3 Qe7 15.
Bg5 h6 16. Bh4 Ncd5 17. Ne5 Rac8 18. Qf3 g5 19. Bg3 Nd7 20. Nc4 Qf6 21. Qe4
Rfd8 22. Rad1 Nf8 23. Nd6 Rb8 24. c4 Nf4 25. c5 N8g6 26. Kh2 h5 27. Re3 Bf8 28.
Nc4 h4 29. Bxf4 Qxf4+ 30. Qxf4 Nxf4 31. Ne5 Bg7 32. Nf3 Bf6 33. g3 Nd5 34. Re4
hxg3+ 35. fxg3 Kf8 36. Rde1 Ke7 37. Kg2 Rg8 38. Ne5 Rbd8 39. R1e2 Nc7 40. Nf3
Nd5 41. Ne5 Nc7 42. Bc4 a6 43. a4 Bxe5 44. dxe5 Rd1 45. Rg4 Rgd8 46. Rxg5 Rc1
47. b3 Rdd1 48. h4 Nd5 49. Kh3 Nc3 50. Re3 Nxa4 51. Rf3 Rd8 52. Rg7 Rf8 53. Bd3
Nxc5 54. Bg6 Re1 55. Bxf7 Kd8 56. b4 Nd7 57. Rd3 Rxe5 58. Bxe6 Rxe6 59. Rdxd7+
Kc8 60. Rc7+ Kd8 61. Rxb7 1-0

[Event "4NCL Division 1d"]
[Site "Telford, ENG"]
[Date "2018.03.18"]
[Round "8.55"]
[White "Beckett, Chris J"]
[Black "Guichard, Pauline"]
[Result "1-0"]
[WhiteElo "2145"]
[BlackElo "2272"]
[PlyCount "55"]
[EventDate "2018.03.18"]
[WhiteTeam "Cambridge University 1"]
[BlackTeam "3Cs 1"]

1. d4 d6 2. e4 g6 3. Be3 Bg7 4. Ne2 c5 5. Nbc3 cxd4 6. Nxd4 Nf6 7. Be2 Nc6 8.
O-O O-O 9. Nb3 Bd7 10. f4 Qc8 11. h3 Ne8 12. Qd2 Nc7 13. Rad1 Be6 14. f5 Bxb3
15. axb3 Ne8 16. Bh6 Bd4+ 17. Kh1 Ng7 18. Nd5 Qd8 19. Qg5 e6 20. f6 exd5 21.
Bxg7 Re8 22. exd5 Be3 23. Qh4 Ne5 24. Bh6 Qb6 25. Bb5 Rec8 26. Bxe3 Qxe3 27.
Rde1 Qd2 28. Re2 1-0

[Event "4NCL Division 1d"]
[Site "Telford, ENG"]
[Date "2018.03.18"]
[Round "8.56"]
[White "Abbas, Daniel"]
[Black "Chan, Nevil"]
[Result "1/2-1/2"]
[WhiteElo "2300"]
[BlackElo "2001"]
[PlyCount "113"]
[EventDate "2018.03.18"]
[WhiteTeam "3Cs 1"]
[BlackTeam "Cambridge University 1"]

1. e4 b6 2. d4 Bb7 3. Bd3 Nf6 4. Qe2 Nc6 5. c3 e5 6. Nf3 d6 7. O-O Be7 8. a3
O-O 9. b4 Nd7 10. d5 Ncb8 11. Nbd2 c6 12. dxc6 Nxc6 13. Rd1 Nf6 14. Nc4 Qc7 15.
Bg5 Bc8 16. Bc2 Rd8 17. Ne3 Be6 18. Nd2 Ne8 19. Bxe7 Nxe7 20. Rac1 Rac8 21. c4
Nc6 22. Nb3 Qe7 23. Nd5 Qf8 24. Bd3 Ne7 25. a4 Bxd5 26. exd5 Ng6 27. Bf5 Rc7
28. g3 Qe7 29. Qe3 Qf6 30. Bh3 h6 31. a5 Qg5 32. Qxg5 hxg5 33. Rd2 Ne7 34. Ra2
f5 35. axb6 axb6 36. Bf1 Rb8 37. Ra6 Kf7 38. Rca1 Rcb7 39. Be2 Nc7 40. Ra7 Nc8
41. R7a2 Kf6 42. Kg2 Ne7 43. h3 Nc8 44. Rc2 Ra8 45. Rxa8 Nxa8 46. Nd2 Nc7 47.
Nf3 Ra7 48. c5 bxc5 49. bxc5 Nxd5 50. cxd6 Nxd6 51. Rc5 e4 52. Rxd5 exf3+ 53.
Bxf3 Nf7 54. Rb5 g6 55. Rb6+ Kg7 56. Rb7 Rxb7 57. Bxb7 1/2-1/2

[Event "4NCL Division 1d"]
[Site "Telford, ENG"]
[Date "2018.03.18"]
[Round "8.57"]
[White "Starley, Robert"]
[Black "Walton, Alan J"]
[Result "1/2-1/2"]
[WhiteElo "2092"]
[BlackElo "2150"]
[PlyCount "85"]
[EventDate "2018.03.18"]
[WhiteTeam "Cambridge University 1"]
[BlackTeam "3Cs 1"]

1. e4 e6 2. d4 d5 3. Nd2 a6 4. e5 c5 5. c3 Nc6 6. Ngf3 Nh6 7. Nb3 c4 8. Bxh6
gxh6 9. Nbd2 Bg7 10. g3 O-O 11. Bg2 f6 12. exf6 Qxf6 13. O-O Bd7 14. Qe2 Rae8
15. Nh4 b5 16. f4 Nxd4 17. cxd4 Qxd4+ 18. Kh1 Qxb2 19. Rae1 Qxa2 20. Qd1 b4 21.
f5 c3 22. Nb3 c2 23. Qg4 Qxb3 24. f6 Rf7 25. fxg7 Rxf1+ 26. Rxf1 Qc4 27. Qf3
Qxf1+ 28. Qxf1 Rc8 29. Qc1 Rc5 30. Bf1 b3 31. Ng6 Kxg7 32. Nf4 d4 33. Nd3 Rf5
34. Kg1 Bb5 35. Be2 Bxd3 36. Bxd3 Rc5 37. Kf2 b2 38. Qxb2 c1=Q 39. Qxd4+ Kf8
40. Qf6+ Ke8 41. Qxe6+ Kd8 42. Qd6+ Ke8 43. Qe6+ 1/2-1/2

[Event "4NCL Division 1d"]
[Site "Telford, ENG"]
[Date "2018.03.18"]
[Round "8.58"]
[White "Reeve, Andy K"]
[Black "York-Andersen, Anna"]
[Result "1-0"]
[WhiteElo "2200"]
[BlackElo "1775"]
[PlyCount "81"]
[EventDate "2018.03.18"]
[WhiteTeam "3Cs 1"]
[BlackTeam "Cambridge University 1"]

1. c4 Nf6 2. Nf3 g6 3. g3 Bg7 4. Bg2 O-O 5. O-O c5 6. Nc3 Nc6 7. d3 d6 8. a3 a6
9. Rb1 Rb8 10. b4 cxb4 11. axb4 b5 12. cxb5 axb5 13. d4 Bf5 14. d5 Bxb1 15.
dxc6 Be4 16. Nxe4 Nxe4 17. Qc2 Nc3 18. Bb2 Nd5 19. Bxg7 Kxg7 20. Nd4 Nc7 21. h4
Qc8 22. h5 Qg4 23. h6+ Kxh6 24. e4 Kg7 25. Bf3 Qc8 26. Kg2 Rb6 27. Rh1 e5 28.
Qd2 Rh8 29. Nf5+ gxf5 30. Qh6+ Kg8 31. Rh5 Ne6 32. exf5 Qf8 33. Rg5+ Nxg5 34.
Qxg5+ Qg7 35. Qd8+ Qf8 36. c7 d5 37. Qg5+ Rg6 38. fxg6 hxg6 39. Bxd5 Qc8 40.
Qxg6+ Kf8 41. Qxf7# 1-0

[Event "4NCL Division 1d"]
[Site "Telford, ENG"]
[Date "2018.03.18"]
[Round "8.61"]
[White "Greet, Andrew N"]
[Black "Mitchell, Martin"]
[Result "1/2-1/2"]
[WhiteElo "2445"]
[BlackElo "2237"]
[PlyCount "117"]
[EventDate "2018.03.18"]
[WhiteTeam "Alba"]
[BlackTeam "Spirit of Atticus A"]

1. Nf3 Nf6 2. c4 e6 3. g3 d5 4. Bg2 c5 5. cxd5 Nxd5 6. O-O Be7 7. d4 O-O 8. e4
Nb6 9. Nc3 cxd4 10. Nxd4 Nc6 11. Nxc6 bxc6 12. Qc2 Ba6 13. Rd1 Qc7 14. b3 c5
15. a3 Bf6 16. Bf4 Be5 17. Bxe5 Qxe5 18. f4 Qc7 19. e5 Bb7 20. Nb5 Qe7 21. Bxb7
Qxb7 22. Nd6 Qc6 23. Rac1 c4 24. bxc4 Rab8 25. c5 Nd5 26. Rd3 a5 27. Qd2 a4 28.
f5 Ne7 29. f6 Ng6 30. fxg7 Kxg7 31. Qg2 Qxg2+ 32. Kxg2 Rb2+ 33. Kh3 Nxe5 34.
Re3 Nc6 35. Rc4 Rb3 36. Rg4+ Kh8 37. Nxf7+ Rxf7 38. Rxe6 h5 39. Rxa4 Rc7 40.
Rh6+ Kg7 41. Rxh5 Ne7 42. Rg5+ Kf6 43. Kg4 Rc3 44. Rf4+ Ke6 45. Re4+ Kf6 46. a4
R7xc5 47. Rxc5 Rxc5 48. Rb4 Nc6 49. Rb6 Kg7 50. Ra6 Kf6 51. Kh4 Ke5 52. g4 Kf6
53. Ra8 Ne7 54. Rf8+ Kg7 55. Rf3 Ra5 56. Ra3 Nd5 57. g5 Nb6 58. Kh5 Rxa4 59.
Rxa4 1/2-1/2

[Event "4NCL Division 1d"]
[Site "Telford, ENG"]
[Date "2018.03.18"]
[Round "8.62"]
[White "Lund, D Brett"]
[Black "Sreeves, Clement"]
[Result "0-1"]
[WhiteElo "2243"]
[BlackElo "2385"]
[PlyCount "82"]
[EventDate "2018.03.18"]
[WhiteTeam "Spirit of Atticus A"]
[BlackTeam "Alba"]

1. g3 Nf6 2. Bg2 d5 3. Nf3 g6 4. c4 c6 5. b3 Bg7 6. Bb2 O-O 7. O-O a5 8. d3 a4
9. Qc2 Bg4 10. Nbd2 Nbd7 11. h3 Bxf3 12. Nxf3 Qb6 13. Rfc1 e6 14. Bc3 Qa6 15.
cxd5 exd5 16. b4 Ne8 17. Bxg7 Kxg7 18. e4 Nc7 19. Nd4 dxe4 20. dxe4 Kg8 21. Rd1
Rad8 22. Bf1 Qb6 23. Qc3 Rfe8 24. Bg2 Nf8 25. a3 Rd7 26. Nc2 Nb5 27. Qf6 Qd8
28. Qf3 Rd2 29. Bf1 Nc3 30. Rxd2 Qxd2 31. Bc4 Ne6 32. Bxe6 Rxe6 33. Ne3 Qd3 34.
e5 Rxe5 35. Qf6 Re6 36. Qg5 Qd2 37. Rf1 Ne4 38. Qf4 Qd6 39. Qh6 Qf8 40. Qf4 Qd6
41. Qh6 Nxf2 0-1

[Event "4NCL Division 1d"]
[Site "Telford, ENG"]
[Date "2018.03.18"]
[Round "8.63"]
[White "McKay, Roderick M"]
[Black "Carleton, John J"]
[Result "1-0"]
[WhiteElo "2304"]
[BlackElo "2269"]
[PlyCount "91"]
[EventDate "2018.03.18"]
[WhiteTeam "Alba"]
[BlackTeam "Spirit of Atticus A"]

1. e4 c6 2. d3 d5 3. c3 dxe4 4. dxe4 Qxd1+ 5. Kxd1 e5 6. Nf3 f6 7. Bd3 Nd7 8.
Nbd2 Nc5 9. Bc2 a5 10. Nb3 a4 11. Nxc5 Bxc5 12. Ke2 Be6 13. Rd1 Ne7 14. Ne1 b5
15. Nd3 Ba7 16. b3 axb3 17. axb3 Kf7 18. Be3 Bxe3 19. Kxe3 Rhd8 20. g3 g5 21.
Nc5 Rxd1 22. Rxd1 Ra2 23. Rd2 Nc8 24. f4 exf4+ 25. gxf4 gxf4+ 26. Kxf4 Ne7 27.
Ke3 Ra1 28. Rd6 Bh3 29. Bd1 Ng6 30. Bh5 Ke7 31. Rxc6 Ne5 32. Rb6 Rc1 33. Rxb5
Rh1 34. Nd3 Nxd3 35. Kxd3 Bf1+ 36. Be2 Bxe2+ 37. Kxe2 Rxh2+ 38. Kd3 h5 39. b4
h4 40. c4 Ra2 41. Rh5 h3 42. b5 h2 43. Kd4 Kd7 44. Kc5 Rc2 45. b6 Rg2 46. Rh7+
1-0

[Event "4NCL Division 1d"]
[Site "Telford, ENG"]
[Date "2018.03.18"]
[Round "8.64"]
[White "House, Glenn L"]
[Black "Berry, Neil"]
[Result "1-0"]
[WhiteElo "2188"]
[BlackElo "2284"]
[PlyCount "103"]
[EventDate "2018.03.18"]
[WhiteTeam "Spirit of Atticus A"]
[BlackTeam "Alba"]

1. Nf3 d5 2. g3 Bg4 3. Bg2 Nd7 4. d3 Ngf6 5. Nbd2 c6 6. h3 Bh5 7. O-O e5 8. e4
dxe4 9. dxe4 Bc5 10. Qe1 O-O 11. Nh4 Re8 12. a4 a5 13. Nb3 Bb6 14. Qc3 Nf8 15.
Be3 Bxe3 16. Qxe3 Ne6 17. c3 Nd7 18. Nf5 Qb6 19. Qxb6 Nxb6 20. Rfe1 Red8 21. g4
Bg6 22. Bf1 Rd7 23. f3 f6 24. Kf2 Bf7 25. Ke3 Rad8 26. Nxa5 Nc5 27. b4 Ncxa4
28. c4 Nb2 29. c5 Bc4 30. Nd6 Bxf1 31. Rxf1 Nc8 32. Rfb1 Nxd6 33. cxd6 Nd3 34.
Kxd3 Rxd6+ 35. Ke2 Rd2+ 36. Kf1 Rh2 37. Rd1 Ra8 38. Kg1 Rb2 39. Nxb7 Rxa1 40.
Rxa1 Rxb4 41. Nd6 h5 42. gxh5 g6 43. hxg6 Kg7 44. Kg2 Kxg6 45. Kg3 c5 46. Rc1
Rb2 47. Rxc5 Ra2 48. Nf5 Rb2 49. Rc6 Kg5 50. Ne3 Rb3 51. h4+ Kh5 52. Ng4 1-0

[Event "4NCL Division 1d"]
[Site "Telford, ENG"]
[Date "2018.03.18"]
[Round "8.65"]
[White "Findlay, David John"]
[Black "Jackson, Sheila"]
[Result "1-0"]
[WhiteElo "2175"]
[BlackElo "2108"]
[PlyCount "99"]
[EventDate "2018.03.18"]
[WhiteTeam "Alba"]
[BlackTeam "Spirit of Atticus A"]

1. e4 e5 2. Nc3 Nf6 3. g3 d5 4. exd5 Nxd5 5. Bg2 Nxc3 6. bxc3 Bc5 7. Nf3 Nc6 8.
O-O O-O 9. Qe2 Re8 10. d3 Bg4 11. Qe4 Qd7 12. Ng5 Bf5 13. Bh3 g6 14. Qh4 h5 15.
Bxf5 Qxf5 16. h3 Qf6 17. g4 e4 18. d4 Be7 19. gxh5 Qh8 20. Kh1 Bxg5 21. Bxg5
Qxh5 22. Qxh5 gxh5 23. Rg1 Kh7 24. Rab1 b6 25. Rb5 Rg8 26. Rf5 Raf8 27. Bh4
Rxg1+ 28. Kxg1 f6 29. Rxh5+ Kg6 30. Rd5 Rh8 31. Bg3 Rxh3 32. Rd7 e3 33. Kf1
exf2 34. Kxf2 Rh7 35. Rxh7 Kxh7 36. Bxc7 Ne7 37. c4 Kg6 38. Kf3 Kf5 39. d5 Ng6
40. Ke3 Nf8 41. Bb8 a6 42. a4 Nd7 43. Bc7 Kg4 44. a5 bxa5 45. Bxa5 f5 46. Kd4
f4 47. c5 f3 48. Be1 a5 49. c6 Nb6 50. d6 1-0

[Event "4NCL Division 1d"]
[Site "Telford, ENG"]
[Date "2018.03.18"]
[Round "8.66"]
[White "Latham, David"]
[Black "Shafi, Declan"]
[Result "1/2-1/2"]
[WhiteElo "2103"]
[BlackElo "2068"]
[PlyCount "81"]
[EventDate "2018.03.18"]
[WhiteTeam "Spirit of Atticus A"]
[BlackTeam "Alba"]

1. e4 e5 2. Nf3 Nc6 3. Bb5 a6 4. Ba4 Nf6 5. d3 d6 6. h3 b5 7. Bb3 Na5 8. c3
Nxb3 9. Qxb3 Be7 10. a4 Be6 11. Qc2 c5 12. Nbd2 O-O 13. Nf1 Qb6 14. Ne3 bxa4
15. c4 Bd7 16. g4 h6 17. Rg1 Rfb8 18. Nf5 Bxf5 19. gxf5 Qb3 20. Qe2 Kh8 21. Ra3
Qb4+ 22. Kd1 Nh7 23. Qc2 a5 24. Rxa4 Qb3 25. Qxb3 Rxb3 26. Kc2 Rb4 27. Ra2 a4
28. Bd2 Rb7 29. Rga1 Rba7 30. Ra3 Nf6 31. Kc1 Nd7 32. b3 Nb6 33. Kd1 Bd8 34.
Ng1 Bc7 35. Ne2 Bb8 36. b4 Nd7 37. b5 Nb6 38. Nc3 Bc7 39. Ke2 Bd8 40. Kf3 Kh7
41. Kg4 1/2-1/2

[Event "4NCL Division 1d"]
[Site "Telford, ENG"]
[Date "2018.03.18"]
[Round "8.67"]
[White "White, Stuart A"]
[Black "Ackley, Peter J E"]
[Result "1/2-1/2"]
[WhiteElo "2118"]
[BlackElo "2016"]
[PlyCount "151"]
[EventDate "2018.03.18"]
[WhiteTeam "Alba"]
[BlackTeam "Spirit of Atticus A"]

1. e4 d6 2. d4 g6 3. Nf3 Bg7 4. Bc4 Nf6 5. Qe2 O-O 6. e5 dxe5 7. dxe5 Nd5 8. h3
Be6 9. O-O Nc6 10. Bb5 Qc8 11. Bxc6 bxc6 12. Nd4 c5 13. Nxe6 Qxe6 14. Re1 Rab8
15. Na3 f6 16. exf6 Qxe2 17. Rxe2 Bxf6 18. c3 Rfd8 19. Kh2 Kg7 20. Rb1 c6 21.
c4 Nb4 22. b3 Kf7 23. Be3 Bd4 24. Bf4 Rb7 25. g4 Rbd7 26. Bg3 Bf6 27. Rbe1 Rd1
28. Rxd1 Rxd1 29. Bb8 a6 30. Ba7 Bd4 31. Nc2 Nxc2 32. Rxc2 Rd3 33. Bb6 e5 34.
Kg2 Ke6 35. Re2 Kd6 36. Ba5 Kd7 37. Rd2 Rxd2 38. Bxd2 Ke6 39. f3 Kf6 40. Kg3
Bg1 41. Ba5 Be3 42. Bc7 Bd2 43. Bd8+ Ke6 44. Kf2 Kd7 45. Bb6 Kd6 46. Ke2 Bc1
47. Kd3 Bb2 48. Ke4 Bc1 49. Ba5 Bb2 50. Bd8 Ke6 51. Bc7 Ba1 52. Bd8 Bd4 53. Bb6
Kd6 54. h4 Bc3 55. h5 Bb2 56. Bd8 Ke6 57. hxg6 hxg6 58. f4 exf4 59. Kxf4 Bc1+
60. Ke4 Bb2 61. Bh4 Bc3 62. Bf2 Kd6 63. Be3 Bf6 64. Bh6 Be7 65. Be3 Bf6 66. Kf4
Be7 67. Bc1 Bf6 68. Bd2 Be7 69. Bc3 Ke6 70. Bg7 Kf7 71. Be5 Ke6 72. Ke4 Bg5 73.
Bc7 Kd7 74. Bb6 Kd6 75. Ba7 Bh6 76. Bb6 1/2-1/2

[Event "4NCL Division 1d"]
[Site "Telford, ENG"]
[Date "2018.03.18"]
[Round "8.68"]
[White "Phillips, David A"]
[Black "Roy, Ali"]
[Result "1/2-1/2"]
[WhiteElo "2039"]
[BlackElo "1925"]
[PlyCount "56"]
[EventDate "2018.03.18"]
[WhiteTeam "Spirit of Atticus A"]
[BlackTeam "Alba"]

1. e4 e6 2. c4 d5 3. exd5 exd5 4. cxd5 Nf6 5. Bb5+ Nbd7 6. Nc3 Be7 7. Nf3 O-O
8. O-O Nb6 9. d4 Nbxd5 10. Re1 Bg4 11. h3 Bxf3 12. Qxf3 c6 13. Bc4 Re8 14. Bg5
Nb6 15. Bb3 Qxd4 16. Rad1 Qb4 17. Bxf6 Bxf6 18. Ne4 Nd5 19. Bxd5 cxd5 20. Nxf6+
gxf6 21. Rxe8+ Rxe8 22. Qxf6 Re1+ 23. Rxe1 Qxe1+ 24. Kh2 Qe4 25. h4 Qe6 26.
Qg5+ Kf8 27. Qd8+ Kg7 28. Qg5+ Kf8 1/2-1/2

[Event "4NCL Division 1d"]
[Site "Telford, ENG"]
[Date "2018.03.18"]
[Round "8.71"]
[White "Rudd, Jack"]
[Black "Morrison, Graham"]
[Result "1/2-1/2"]
[WhiteElo "2276"]
[BlackElo "2294"]
[PlyCount "82"]
[EventDate "2018.03.18"]
[WhiteTeam "West is Best 1"]
[BlackTeam "Barbican 4NCL 2"]

1. Nf3 Nf6 2. d4 e6 3. c4 d5 4. cxd5 exd5 5. Nc3 c6 6. Qc2 Be7 7. Bg5 g6 8. e3
Bf5 9. Bd3 Bxd3 10. Qxd3 Nbd7 11. O-O O-O 12. Rab1 Re8 13. b4 a6 14. a4 Ne4 15.
Bf4 Bd6 16. Bxd6 Nxd6 17. b5 axb5 18. axb5 Ra3 19. bxc6 bxc6 20. Qc2 Qa5 21.
Rfc1 Qa6 22. h4 f5 23. Nxd5 cxd5 24. Qc7 Nf8 25. Rc6 Qd3 26. Rb2 Nb5 27. Qb7 f4
28. Rf6 Ra7 29. Qxd5+ Kg7 30. Rxf4 Nc3 31. Rb7+ Rxb7 32. Qxb7+ Kh8 33. Kh2 Qb5
34. Qf7 Nd5 35. Re4 Qb8+ 36. Re5 Ne6 37. Ng5 Re7 38. Qf3 Nxg5 39. hxg5 Rxe5 40.
dxe5 Qxe5+ 41. g3 Kg7 1/2-1/2

[Event "4NCL Division 1d"]
[Site "Telford, ENG"]
[Date "2018.03.18"]
[Round "8.72"]
[White "Sanders, Isaac B"]
[Black "Cooper, John G"]
[Result "1-0"]
[WhiteElo "2338"]
[BlackElo "2284"]
[PlyCount "69"]
[EventDate "2018.03.18"]
[WhiteTeam "Barbican 4NCL 2"]
[BlackTeam "West is Best 1"]

1. Nf3 c5 2. g3 g6 3. Bg2 Bg7 4. O-O Nc6 5. c4 d6 6. Nc3 e6 7. e3 Nge7 8. d4
O-O 9. dxc5 dxc5 10. Qe2 Bxc3 11. bxc3 e5 12. e4 f6 13. Bh6 Rf7 14. Rfd1 Qc7
15. Nd2 Be6 16. Nf1 Kh8 17. Ne3 Ng8 18. Nd5 Bxd5 19. exd5 Nxh6 20. dxc6 bxc6
21. Qe3 Nf5 22. Qxc5 Rc8 23. Bh3 Rd7 24. Rxd7 Qxd7 25. Bg4 Kg7 26. Rd1 Qf7 27.
h4 Rc7 28. Bxf5 gxf5 29. Qd6 Qe7 30. Qd3 Qe6 31. h5 Kh6 32. Qd8 Rf7 33. Rd6
Qxc4 34. Rxf6+ Kxh5 35. Qe8 1-0

[Event "4NCL Division 1d"]
[Site "Telford, ENG"]
[Date "2018.03.18"]
[Round "8.73"]
[White "Toma, Katarzyna"]
[Black "Cox, John J"]
[Result "1/2-1/2"]
[WhiteElo "2280"]
[BlackElo "2311"]
[PlyCount "96"]
[EventDate "2018.03.18"]
[WhiteTeam "West is Best 1"]
[BlackTeam "Barbican 4NCL 2"]

1. e4 e6 2. d4 d5 3. Nc3 Nc6 4. Nf3 Nf6 5. Bd3 Nb4 6. Bg5 Nxd3+ 7. Qxd3 dxe4 8.
Nxe4 Be7 9. Nxf6+ Bxf6 10. Bxf6 Qxf6 11. O-O-O O-O 12. Rhe1 b6 13. Qe3 Bb7 14.
Ne5 Rfd8 15. g3 Rac8 16. f4 Qe7 17. Kb1 c5 18. Qa3 f6 19. Nc4 Bd5 20. Ne3 Bf3
21. Rd2 Qb7 22. Qb3 cxd4 23. Qxe6+ Kh8 24. Nf5 Bd5 25. Qe2 Bxa2+ 26. Kxa2 Qd5+
27. Kb1 Qxf5 28. Rxd4 h6 29. g4 Qc5 30. Re4 Rd4 31. h4 Rxe4 32. Qxe4 f5 33.
Qxf5 Qxf5 34. gxf5 Rc4 35. Re8+ Kh7 36. f6 gxf6 37. h5 Rxf4 38. Re7+ Kg8 39.
Rxa7 Rf5 40. Ra8+ Kf7 41. Ra7+ Kf8 42. c4 b5 43. cxb5 Rxb5 44. Kc2 Rxh5 45. b4
Ke8 46. Kc3 Re5 47. Rh7 h5 48. Kc4 Kd8 1/2-1/2

[Event "4NCL Division 1d"]
[Site "Telford, ENG"]
[Date "2018.03.18"]
[Round "8.74"]
[White "Taylor, Martin R"]
[Black "Kett, Tim"]
[Result "1-0"]
[WhiteElo "2355"]
[BlackElo "2231"]
[PlyCount "63"]
[EventDate "2018.03.18"]
[WhiteTeam "Barbican 4NCL 2"]
[BlackTeam "West is Best 1"]

1. d4 d6 2. e4 Nf6 3. f3 e5 4. Ne2 exd4 5. Nxd4 Nc6 6. c4 Nxd4 7. Qxd4 g6 8.
Be3 Bg7 9. Nc3 O-O 10. Qd2 Ne8 11. h4 c6 12. h5 Be6 13. Bh6 f6 14. Bxg7 Nxg7
15. hxg6 hxg6 16. O-O-O Qa5 17. Qh6 Kf7 18. Rxd6 Rad8 19. Rxd8 Rxd8 20. Qe3 a6
21. Be2 Qb4 22. a3 Qa5 23. f4 Qc7 24. g4 b5 25. cxb5 cxb5 26. f5 Bc4 27. Bxc4+
bxc4 28. fxg6+ Kxg6 29. Nd5 Qe5 30. Rh6+ Kf7 31. Qa7+ Kg8 32. Nxf6+ 1-0

[Event "4NCL Division 1d"]
[Site "Telford, ENG"]
[Date "2018.03.18"]
[Round "8.75"]
[White "Blackburn, Jonathan L B"]
[Black "Navarro Cia, Miguel"]
[Result "1/2-1/2"]
[WhiteElo "2205"]
[BlackElo "2267"]
[PlyCount "41"]
[EventDate "2018.03.18"]
[WhiteTeam "West is Best 1"]
[BlackTeam "Barbican 4NCL 2"]

1. d4 Nf6 2. c4 e6 3. Nc3 Bb4 4. Nf3 O-O 5. Bg5 h6 6. Bh4 g5 7. Bg3 Ne4 8. Qc2
f5 9. e3 b6 10. Nd2 Bxc3 11. bxc3 Bb7 12. f3 Nxg3 13. hxg3 Kg7 14. Rb1 d6 15.
e4 Nd7 16. Bd3 Qf6 17. Nb3 a5 18. exf5 a4 19. Nc1 exf5 20. Ne2 c5 21. Kf2
1/2-1/2

[Event "4NCL Division 1d"]
[Site "Telford, ENG"]
[Date "2018.03.18"]
[Round "8.76"]
[White "O'Toole, George E"]
[Black "Rees, Ioan"]
[Result "0-1"]
[WhiteElo "2267"]
[BlackElo "2276"]
[PlyCount "100"]
[EventDate "2018.03.18"]
[WhiteTeam "Barbican 4NCL 2"]
[BlackTeam "West is Best 1"]

1. e4 c6 2. c4 e5 3. Nf3 d6 4. Nc3 Nf6 5. g3 g6 6. Bg2 Bg7 7. O-O O-O 8. Re1
Na6 9. d3 Bg4 10. h3 Bxf3 11. Bxf3 Nc5 12. Be3 Nfd7 13. Bg2 a5 14. d4 Ne6 15.
Ne2 Qc7 16. Rc1 Rae8 17. b3 f5 18. exf5 gxf5 19. d5 Nec5 20. Qd2 e4 21. Nf4 Bh6
22. Nh5 Bxe3 23. Qxe3 Ne5 24. Rcd1 Ned3 25. Qg5+ Kh8 26. Re3 cxd5 27. cxd5 Qf7
28. f3 Qg6 29. Qxg6 hxg6 30. Nf4 Nxf4 31. gxf4 exf3 32. Rxf3 Re2 33. Rf2 Rfe8
34. Rd2 R2e3 35. Kh2 Kg7 36. Rc2 Kf6 37. Bf1 Ne4 38. Rfe2 Ng3 39. Rf2 Nxf1+ 40.
Rxf1 Rh8 41. Rc7 Rhxh3+ 42. Kg2 Reg3+ 43. Kf2 Rf3+ 44. Ke2 Rxf1 45. Kxf1 Rf3+
46. Ke2 Rxf4 47. Rxb7 a4 48. b4 Ke5 49. b5 Kxd5 50. Rg7 Rb4 0-1

[Event "4NCL Division 1d"]
[Site "Telford, ENG"]
[Date "2018.03.18"]
[Round "8.77"]
[White "Phillips, Roy"]
[Black "Chapman, Terry P D"]
[Result "0-1"]
[WhiteElo "2176"]
[BlackElo "2181"]
[PlyCount "66"]
[EventDate "2018.03.18"]
[WhiteTeam "West is Best 1"]
[BlackTeam "Barbican 4NCL 2"]

1. b3 e5 2. Bb2 Nc6 3. e3 Nf6 4. Bb5 Bd6 5. Na3 Na5 6. Be2 a6 7. c4 e4 8. Nc2
Nc6 9. f4 h5 10. Nh3 Bc5 11. Ng5 Qe7 12. O-O d6 13. Kh1 Bg4 14. a3 Kf8 15. b4
Bb6 16. Bc3 a5 17. b5 Nb8 18. Re1 Nbd7 19. Nd4 Bxd4 20. exd4 Bf5 21. d3 d5 22.
Bf3 Ng4 23. Qe2 Qd6 24. dxe4 Qxf4 25. g3 Qxg5 26. exf5 Ndf6 27. Qe7+ Kg8 28.
Bxd5 Rf8 29. Bxa5 Qxf5 30. Bb4 Nxd5 31. Qxf8+ Kh7 32. Rf1 Qe4+ 33. Kg1 Rxf8 0-1

[Event "4NCL Division 1d"]
[Site "Telford, ENG"]
[Date "2018.03.18"]
[Round "8.78"]
[White "Lauterbach, Ingrid"]
[Black "Jones, Steven A"]
[Result "0-1"]
[WhiteElo "2062"]
[BlackElo "2247"]
[PlyCount "126"]
[EventDate "2018.03.18"]
[WhiteTeam "Barbican 4NCL 2"]
[BlackTeam "West is Best 1"]

1. e4 e5 2. Nc3 Nf6 3. f4 d5 4. fxe5 Nxe4 5. Qf3 Nxc3 6. bxc3 c5 7. d4 Nc6 8.
Bb5 Be7 9. Ne2 O-O 10. O-O cxd4 11. cxd4 Nxe5 12. dxe5 Qb6+ 13. Be3 Qxb5 14.
Nd4 Qc4 15. Rfd1 Be6 16. Rd2 Bb4 17. Rd3 Bc3 18. Rb1 Bxd4 19. Rxd4 Qxa2 20.
Rxb7 Qxc2 21. Rd2 Qa4 22. Rd4 Qa1+ 23. Rd1 Qxe5 24. Bd4 Qg5 25. Qf2 a5 26. Rb3
f6 27. Rg3 Qf5 28. Qd2 Rab8 29. Rf3 Qh5 30. Ra3 Rfc8 31. Re1 Bf7 32. Qxa5 Qh4
33. Bf2 Qb4 34. Qxb4 Rxb4 35. Rea1 Bg6 36. Ra8 Rb1+ 37. Rxb1 Rxa8 38. Rd1 Ra2
39. Be3 Be4 40. Rd2 Ra3 41. Kf2 Kf7 42. Bd4 Ke6 43. Bb2 Rb3 44. Bd4 Kf5 45. Bc5
h5 46. Be3 Bxg2 47. Bh6 gxh6 48. Kxg2 Ke4 49. Re2+ Re3 50. Ra2 d4 51. Ra6 Re2+
52. Kg3 d3 53. Re6+ Kd5 54. Rxe2 dxe2 55. Kf2 Ke4 56. Kxe2 h4 57. Kf2 Kf4 58.
h3 f5 59. Kf1 Kg3 60. Ke2 f4 61. Kf1 Kxh3 62. Kg1 Kg3 63. Kf1 f3 0-1